AU LIBRARIES
Centralized Library System Across Seven Campuses

Accounting Information Systems (Record no. 47348)

MARC details
000 -LEADER
fixed length control field 00508 a2200181 4500
005 - DATE AND TIME OF LATEST TRANSACTION
control field 20260420124551.0
008 - FIXED-LENGTH DATA ELEMENTS--GENERAL INFORMATION
fixed length control field 260420b |||||||| |||| 00| 0 eng d
020 ## - INTERNATIONAL STANDARD BOOK NUMBER
ISBN 9781292353364
082 ## - DEWEY DECIMAL CLASSIFICATION NUMBER
Classification number 657.0285
Author Mark ACC
100 1# - MAIN ENTRY--AUTHOR
Author Name Romney, Marshall B.
245 10 - TITLE STATEMENT
Title Accounting Information Systems
250 ## - EDITION STATEMENT
Edition statement 15th ed
260 ## - PUBLICATION, DISTRIBUTION, ETC.
Place of Publication Upper Saddle River, N.J.
Name of publisher, distributor, etc. Pearson Prentice Hall,
Date of publication, distribution, etc. 2021
300 ## - PHYSICAL DESCRIPTION
Pages 849 p.
504 ## - BIBLIOGRAPHY, ETC. NOTE
Bibliography, etc. note Includes bibliographical references and index.
650 #0 - SUBJECT ADDED ENTRY--TOPICAL TERM
Subject / Department Accounting
942 ## - ADDED ENTRY ELEMENTS (KOHA)
Koha item type Book
Holdings
Withdrawn status Lost status Damaged status Not for loan Collection code Permanent Location Current Location Shelving Location Date acquired Source of acquisition Price Inventory number Total Checkouts Full Call Number Accession No./Barcode Date last seen Koha item type
        Accounting Air University Kharian Campus Library Air University Kharian Campus Library Accounting 04/09/2026 Ali Book Services 4516.00 KA/10221   657.0285 ACC AUKHP0578 04/20/2026 Book
Air University Sector E-9, Islamabad Pakistan
Email: librarian@au.edu.pk  Tel : +0092 51 9262612 Ext: 631